000 01330nam a22002657a 4500
005 20121010141910.0
008 121010t xxu||||| |||| 00| 0 mar d
010 _aMAR-22886
020 _c160.00
_a9788184984347
035 _aMR-15544
037 _bDBAD/PUB
040 _aDPL
_bMR
082 _a823
100 _953016
_aवर्मा, अमित
245 _aमाझा मित्र सान्चो /
_cअमित वर्मा ; शिल्पा दातार द्वारा अनुवादित
246 _aManjha Mitra Sancho
_bby Amit Verma
260 _aपुणे
_bमेहता पब्लिशिंग हाऊस
_c2012
270 _bपुणे
_a1941,सदाशिव पेठ,माडीवाले कॉलनी,
_e411030
300 _aचार,156पृ
_c21सेमी(अजिल्द)
650 _aअँग्रेजी कादंबरी
_xमराठी भाषा में अनुवादित
_954476
650 _aEnglish Fiction
_xTranslated Into Marathi
_954477
700 _aदातार, शिल्पा
_954465
942 _2ddc
_cMR
_mवर्माअ
_h823
999 _c72349
_d72349